Belgium Current Squad - Statistics

General Stats
  • This quiz has been taken 101 times
    44 since last reset
  • The average score is 14 of 27
Answer Stats
Role Club Player Name % Correct
Forward Manchester City Jérémy Doku
95%
Forward Arsenal Leandro Trossard
92%
Forward Napoli Romelu Lukaku
92%
Midfielder Aston Villa Youri Tielemans
86%
Midfielder Napoli Kevin De Bruyne
84%
Forward RB Leipzig Loïs Openda
76%
Goalkeeper Nottingham Forest Matz Sels
68%
Midfielder Aston Villa Amadou Onana
65%
Forward Sevilla Dodi Lukébakio
65%
Defender Leicester City Wout Faes
65%
Midfielder Atalanta Charles De Ketelaere
57%
Midfielder Club Brugge Hans Vanaken
54%
Forward AC Milan Alexis Saelemaekers
49%
Defender Eintracht Frankfurt Arthur Theate
49%
Defender Brighton & Hove Albion Maxim De Cuyper
46%
Defender LOSC Lille Thomas Meunier
46%
Defender Sporting CP Zeno Debast
41%
Goalkeeper Royal Antwerp Senne Lammens
38%
Forward Olympique Lyon Malick Fofana
32%
Defender Genoa Koni De Winter
27%
Midfielder Glasgow Rangers Nicolas Raskin
24%
Coach - Rudi Garcia
24%
Defender Club Brugge Brandon Mechele
22%
Goalkeeper Club Brugge Nordin Jackers
19%
Midfielder AFC Ajax Jorthy Mokio
16%
Midfielder Strasbourg Diego Moreira
14%
Goalkeeper RB Leipzig Maarten Vandevoordt
14%
No matching quizzes found
Score Distribution
Percent of People with Each Score
Percentile by Number Answered
Your Score History
You have not taken this quiz since the last reset